| 000 | 00408nam a2200181Ia 4500 | ||
|---|---|---|---|
| 003 | IT-RoPAU | ||
| 008 | 120407s9999 xx 000 0 und d | ||
| 040 | _aIT-RoPAU | ||
| 040 | _cIT-RoPAU | ||
| 041 | _aita | ||
| 100 | _aAlberto Moravia | ||
| 245 | _a"10 L’amore coniugale 11 La ciociara 12 Il conformista" | ||
| 260 | _aBompiani | ||
| 300 | _c cm | ||
| 490 | _v1 | ||
| 942 | _cBK | ||
| 999 |
_c17288 _d17288 |
||